Les régions et «Länders» allemands ! - Statistiques

Statistiques générales
  • Ce quiz a été pris 749 fois
  • Le résultat moyen est 10 sur 16
Statistiques - réponses
Régions Capitales % Correct
Bavière Munich
91%
Berlin Berlin
82%
Saxe Dresde
74%
Saxe-Anhalt Magdebourg
74%
Hambourg Hambourg
70%
Rhénanie-Du-Nord-Westphalie Düsseldorf
70%
Rhénanie-Palatinat Mayence
69%
Brême Brême
66%
Sarre Sarrebruck
61%
Bade-Wurtemberg Stuttgart
58%
Brandebourg Potsdam
51%
Basse-Saxe Hanovre
47%
Hesse Wiesbaden
47%
Schleswig-Holstein Kiel
45%
Mecklembourg-Poméranie-Occidentale Schwerin
42%
Thuringe Erfurt
42%
Aucun quiz correspondant
Distribution des résultats
% des personnes avec chaque résultat
Percentile par nombre de réponses
Votre historique - résultats
Vous n’avez pas pris ce quiz